| 000 | 00378nam a22001577a 4500 | ||
|---|---|---|---|
| 003 | NUST | ||
| 005 | 20220818153224.0 | ||
| 008 | 220818b ||||| |||| 00| 0 eng d | ||
| 020 | _a9781889057590 | ||
| 038 | _aAzhar | ||
| 082 |
_a378.1662 _bGRE |
||
| 245 |
_aGRE math prep course _cJeff Kolby |
||
| 260 |
_aLos Angeles _bNova Press _c2019 |
||
| 300 | _a468p | ||
| 942 |
_2ddc _cLC |
||
| 999 |
_c591228 _d591228 |
||